000 00285nam a2200121Ia 4500
005 20251222154437.0
008 251222s9999||||xx |||||||||||||| ||spa||
020 _a9972-40-170-7
082 _a869.552/P19
100 _a"Palma, Ricardo"
245 0 _aTradiciones peruanas
942 _cLIB
999 _c36644
_d36644